000
00301nam a22001217a 4500
082
_a
621.389324 CRO'T
100
_a
CROWHURST, NORMAN.H
_9
78278
245
_a
ABC'S OF TAPE RECORDING
260
_a
INDIANPOLIS
_b
HOWARD W. SONS
_c
1974
300
_a
112P
650
_a
TAPE RECORDING
_9
78353
942
_c
BK
999
_c
583489
_d
583489